Религиозные меньшинства: Гл. 2; Маргиналы в советском социуме. 1930-е - середина 1950-х годов

Podrobná bibliografie
Parent link:Маргиналы в советском социуме. 1930-е - середина 1950-х годов.— 2017.— [С. 94-128]
Hlavní autor: Савин А. И. Андрей Иванович
Korporativní autor: Национальный исследовательский Томский политехнический университет Школа базовой инженерной подготовки Отделение социально-гуманитарных наук
Další autoři: Сосковец Л. И. Любовь Ивановна
Shrnutí:Заглавие с экрана
Jazyk:ruština
Vydáno: 2017
Témata:
On-line přístup:http://test8.dlibrary.org/ru/nodes/2035-glava-2-religioznye-menshinstva-a-i-savin-l-i-soskovets
Médium: MixedMaterials Elektronický zdroj Kapitola
KOHA link:https://koha.lib.tpu.ru/cgi-bin/koha/opac-detail.pl?biblionumber=667788

MARC

LEADER 00000naa0a2200000 4500
001 667788
005 20250527141302.0
010 |a 9785824321845 
035 |a (RuTPU)RU\TPU\network\38999 
035 |a RU\TPU\network\28112 
090 |a 667788 
100 |a 20220421d2017 k||y0rusy50 ca 
101 0 |a rus 
102 |a RU 
135 |a drcn ---uucaa 
181 0 |a i  
182 0 |a b 
200 1 |a Религиозные меньшинства  |e Гл. 2  |f А. И. Савин, Л. И. Сосковец 
203 |a Текст  |c электронный 
300 |a Заглавие с экрана 
463 |t Маргиналы в советском социуме. 1930-е - середина 1950-х годов  |f отв. ред. С. А. Красильников ; А. А. Шадт  |v [С. 94-128]  |d 2017 
610 1 |a электронный ресурс 
610 1 |a труды учёных ТПУ 
610 1 |a нормативно-правовое регулирование 
610 1 |a численность 
610 1 |a выживание 
610 1 |a сопротивление 
610 1 |a 20 век 
700 1 |a Савин  |b А. И.  |g Андрей Иванович 
701 1 |a Сосковец  |b Л. И.  |c историк, политолог  |c профессор Томского политехнического университета, доктор исторических наук  |f 1956-  |g Любовь Ивановна  |3 (RuTPU)RU\TPU\pers\25443  |9 11385 
712 0 2 |a Национальный исследовательский Томский политехнический университет  |b Школа базовой инженерной подготовки  |b Отделение социально-гуманитарных наук  |3 (RuTPU)RU\TPU\col\23512 
801 2 |a RU  |b 63413507  |c 20220421  |g RCR 
850 |a 63413507 
856 4 |u http://test8.dlibrary.org/ru/nodes/2035-glava-2-religioznye-menshinstva-a-i-savin-l-i-soskovets  |z http://test8.dlibrary.org/ru/nodes/2035-glava-2-religioznye-menshinstva-a-i-savin-l-i-soskovets 
942 |c CF